000 00428nam a2200169Ia 4500
008 230917s9999||||xx |||||||||||||| ||und||
020 _cRS195
040 _e208527
_aMAIN
041 _aEnglish
082 _a658 P213F
100 _aPradeep Kumar
245 0 _aFundamentals of management
260 _aNew Delhi
_bS Chand
_c2012
300 _ax, 334 p.
500 _a2563 02/08/2013 5453 10/08/2013 Main Budget
942 _cBK
999 _c20842
_d20842